000 00927nam a2200265 a 4500
003 MX-MxUPN
005 20260410124049.0
007 cr |||aaaaaaa|
008 260409s2023 ck|a||||o ||| 000 0 spa d
020 _a9786287518803
040 _aMX-MxUPN
_bspa
_eaacr2
041 0 _aspa
050 1 4 _aLC196
100 1 _aMisas Avella, Margarita
_959227
245 1 0 _aLiteraturas otras para una escuela otra :
_buna experiencia de aula basada en la pedagogía crítica
_h[recurso electrónico en línea]
250 _aPrimera edición
260 _aBogotá, Colombia :
_bUniversidad Pedagógica Nacional,
_c2023
300 _a1 recurso en línea (157 páginas) :
_bilustraciones, PDF
506 0 _aAcceso abierto
650 4 _aPedagogía crítica
_98121
650 4 _aLiteratura
_xEstudio y enseñanza
_97638
856 4 0 _uhttp://hdl.handle.net/20.500.12209/18422
902 _aJohanaAllegre/090426
942 _2lcc
_cLIBRO-E
999 _c214923
_d214923